| 000 | 00807cab a2200253 4500 | ||
|---|---|---|---|
| 001 | WB3433-61 | ||
| 008 | 090401t1998 xxu||||| |||| 00| 0 eng d | ||
| 035 | _a(Sirsi) u88280 | ||
| 041 | _aeng | ||
| 245 | _aPark triumphs in minerals case | ||
| 260 | _c1998 | ||
| 350 | _a0 | ||
| 490 |
_aPlanning (for the Natural and Built Environment) _v(1283) 28 August 1998, 2(1) |
||
| 520 | _aThe Peak District National Park Authority has won an important case prohibiting the resumption of mineral working at a site in Jugholes in Derbyshire. | ||
| 650 | _aDERBYSHIRE | ||
| 650 | _aENVIRONMENT ACT 1995 | ||
| 650 | _aJUGHOLES | ||
| 650 | _aMINERAL WORKINGS | ||
| 650 | _aMPG14 | ||
| 650 | _aPEAK DISTRICT NATIONAL PARK AUTHORITY | ||
| 690 | _aMINING AND MINERALS | ||
| 942 | _n0 | ||
| 948 | _c03/09/1998 | ||
| 999 |
_c55762 _d55762 |
||